| 000 | 00380nam a2200145Ia 4500 | ||
|---|---|---|---|
| 008 | 230312s9999||||xx |||||||||||||| ||und|| | ||
| 082 |
_a657.48 _bNIZ |
||
| 100 | _aNizam ud Din | ||
| 245 | 0 | _aAdvanced Financial Accounting and Analysis | |
| 260 |
_bWaheed Publisehrs _aLahore _c2006 |
||
| 300 | _a557 | ||
| 546 | _aEng. | ||
| 650 |
_aAccounting _vAccounting for leases |
||
| 942 | _cBK | ||
| 999 |
_c4924 _d4924 |
||